| 000 | 01091cam a22003137a 4500 | ||
|---|---|---|---|
| 003 | CHAP | ||
| 005 | 20220329134243.0 | ||
| 008 | 971013s1968 r 00010 d | ||
| 010 | _a17648 | ||
| 011 | _a18620 | ||
| 035 | _a22705 | ||
| 040 | _cCHAP | ||
| 082 |
_a510.7823 _bB58Y 1968 |
||
| 100 | 0 | 0 |
_aBishop, Calvin C. _912938 |
| 245 | 1 | 3 | _aLa regla de cálculo ; una guía práctica para su uso, con ejemplos, problemas y respuestas |
| 260 |
_aMéxico, D. F. : _bCECSA, _c1968 |
||
| 300 |
_a164 p. _b: ilus. |
||
| 500 | _aTrad. de la 3 ed. en inglés de 1968 | ||
| 590 |
_aBATCH-UPD _b10 _c20130110 _lUCH01 _h0132 |
||
| 590 |
_aBATCH-UPD _b10 _c20130110 _lUCH01 _h1759 |
||
| 590 |
_aBATCH-UPD _b10 _c20130410 _lUCH01 _h1135 |
||
| 590 |
_aBATCH-UPD _b10 _c20130914 _lUCH01 _h0641 |
||
| 590 |
_aCONVERSION _b10 _c20130109 _lUCH01 _h1311 |
||
| 650 | 1 | 4 |
_aRegla de cálculo. _995699 |
| 901 | _aBK | ||
| 942 | _cLIBRO | ||
| 949 |
_a510.7823 B58Y 1968 _bBC _cLIBRO _d-53116 _eLIBRO _h45397 _i22705 _si _t50.00 |
||
| 949 |
_a510.7823 B58Y 1968 _bBC _cLIBRO _d33724000413159 _eLIBRO _fc.2 _h46900 _i22705 _si _t50.00 |
||
| 999 |
_c17648 _d17648 |
||